| 000 | 00687nam a22001337a 4500 | ||
|---|---|---|---|
| 008 | 100419t1973 xxu||||| |||| 00| 0 eng d | ||
| 082 |
_222 _a297.1226 _bم ن ت |
||
| 110 |
_913611 _aالمجلس الأعلي للشئون الإسلامية _bلجنة القرآن والسنة _cجمهورية مصر العربية |
||
| 245 |
_aالمنتخب : _bفي تفسير القرآن الكريم / _cالمجلس الأعلي للشئون الإسلامية ؛ يشرف علي اصدارها محمد توفيق عويضة |
||
| 250 | _aط 3 | ||
| 260 |
_aالقاهرة : _bالمجلس الأعلي للشئون الإسلامية ، _c1973. |
||
| 300 |
_a937 ص : _c32 سم. |
||
| 942 |
_2ddc _cBB |
||
| 999 |
_c13954 _d13954 |
||